Narcotrf̀ico, financiacin̤ polt̕ica y corrupcin̤

Detalles Bibliográficos
Autor principal: Cepeda Ulloa, Fernando
Formato: eBook
Lenguaje:español
Publicado: Bogot:̀ Ecoe ediciones, 2011
Colección:Ciencias humanas. Polt̕ica
Materias:
Acceso en línea:Acceso restringido

MARC

LEADER 00000nam a22000007a 4500
005 20120222105057.0
007 cr|||| ||||
008 120222s2011 co |||||s|||| 00||0 spa d
020 |a 978-958-648-751-1 
035 |a 6252 
040 |a vLex 
090 |c 3014  |d 3014 
100 1 |a Cepeda Ulloa, Fernando 
245 1 0 |a Narcotrf̀ico, financiacin̤ polt̕ica y corrupcin̤  |h [Recurso electrn̤ico] /  |c Fernando Cepeda Ulloa 
256 |a Servicio en ln̕ea 
260 |a Bogot:̀  |b Ecoe ediciones,  |c 2011 
300 |a 1 recurso electrn̤ico 
490 0 |a Ciencias humanas. Polt̕ica  
500 |a La corrupcin̤ como problema global. El contexto de la corrupcin̤: un problema de gobernabilidad. El impacto corruptor del problema global de las drogas ilc̕itas en vida polt̕ica e institucional. La Contadura̕ y la Auditora̕: herramientas anticorrupcin̤. La corrupcin̤ en el sector de la Salud. El debate internacional sobre la financiacin̤ de partidos y campaąs polt̕icas. las contribuciones polt̕icas extranjeras en tiempos de la globalizacin̤. Enredo jurd̕ico de la financiacin̤ de la campaą presidencial de 1994. 
504 |a Incluye bibliografa̕  
506 1 |a Contenido solo disponible en los productos indicados  |d vLex Global   |d vLex Global (Academic Edition, excluding Law Schools)   |d vLex Global (U.S. Academic Edition, Law Schools)   |d vLex Global (U.S. Academic Edition, excluding Law Schools)   |d vLex Global (Academic Edition, Law Schools)  
650 0 4 |a Drogas  |x Trf̀ico  |z Colombia 
650 0 4 |a Corrupcin̤  |z Colombia 
740 0 |a vLex Libros (Servicio en ln̕ea) 
856 4 0 |u http://vlex.com/source/narcotrafico-financiacion-politica-corrupcion-6252  |z Acceso restringido 
942 |c BOOK 
999 0 |a Drug traffic 
999 0 |a Corruption